Essays On Economic Planning (Record no. 21009)

MARC details
000 -LEADER
fixed length control field 00387nam a2200145Ia 4500
008 - FIXED-LENGTH DATA ELEMENTS--GENERAL INFORMATION
fixed length control field 211109s9999||||xx |||||||||||||| ||und||
082 ## - DEWEY DECIMAL CLASSIFICATION NUMBER
Classification number 338.9
Item number LAN-E
100 ## - MAIN ENTRY--PERSONAL NAME
Personal name Lange, Oskar
245 #0 - TITLE STATEMENT
Title Essays On Economic Planning
260 ## - PUBLICATION, DISTRIBUTION, ETC.
Name of publisher, distributor, etc. Asia Pub. Houae
Place of publication, distribution, etc. Bombay
Date of publication, distribution, etc. 1960
300 ## - PHYSICAL DESCRIPTION
Extent 70p.
630 ## - SUBJECT ADDED ENTRY--UNIFORM TITLE
General subdivision POST GRADUATE REFERENCE
650 ## - SUBJECT ADDED ENTRY--TOPICAL TERM
Topical term or geographic name entry element PRODUCTION
942 ## - ADDED ENTRY ELEMENTS (KOHA)
Koha item type BOOK
650 ## - SUBJECT ADDED ENTRY--TOPICAL TERM
Form subdivision Economics
General subdivision Economics
Holdings
Withdrawn status Lost status Damaged status Not for loan Home library Current library Date acquired Cost, normal purchase price Total Checkouts Full call number Barcode Shelving location Date last seen Price effective from Koha item type
        SB LIBRARY SB LIBRARY 09/11/2021 25.00   338.9 LAN-E 00021727 POST GRADUATE REFERENCE 09/11/2021 09/11/2021 BOOK

Powered by Koha